000 00304nam a22001337a 4500
008 170621b xxu||||| |||| 00| 0 eng d
020 _a2900135766209
041 _aeng
080 _a94
100 _a16
101 _aSHH
245 _aTHE HERITAGE OF CHINESE CIVILIZATION
_cCRAIG,A.M
942 _2udc
_cBK
999 _c18458
_d18458